| 000 | 00963nam a2200241 i 4500 | ||
|---|---|---|---|
| 001 | 124197 | ||
| 003 | ES-MaACL | ||
| 005 | 20250727021739.0 | ||
| 007 | t| | ||
| 008 | 070214s1944 mx a |||| | spa d | ||
| 100 | 1 |
_aRedfield, Robert. _995796 |
|
| 245 | 1 | 0 |
_aYucatán _b: una cultura de transición / _cRobert Redfield ; versión española de Julio de la Fuente. |
| 250 | _a1ª ed. en español. | ||
| 260 |
_aMéxico : _bFondo de Cultura Económica, _c1944. |
||
| 300 |
_a484 p. : _bil. ; _c22 cm. |
||
| 650 | 7 |
_aAntropología cultural y social _2embne _99867 |
|
| 700 | 1 |
_aFuente, Julio de la. _952846 |
|
| 852 |
_aES-MaACL _jD-6295 _9128790 _bR. 30331 _bR.M. 5890 _cSVI _z"2 DIC. 1950" _fSello en tinta azul de la Biblioteca del Ateneo de Madrid |
||
| 942 |
_2udc _cMONOGRAFIA |
||
| 999 |
_c124197 _d124197 |
||